Les dollars du monde - Statistiques

Statistiques générales
  • Ce quiz a été pris 20 fois
  • Le résultat moyen est 8 sur 44
Statistiques - réponses
Par images Hint Réponse % Correct
Qui figure sur le 1$ américain ? George Washington
84%
Qui figure sur le 5$ américain ? Abraham Lincoln
79%
Qui figure sur le 100$ américain ? Benjamin Franklin
63%
Quel bâtiment figure au dos du 20$ américain ? La {Maison} {Blanche}
47%
Qui figure sur le 2$ américain ? Thomas Jefferson
47%
Quel événement figure au dos du 2$ américain ? La {déclaration} d'indépendance
42%
Quel bâtiment figure au dos du 5$ américain ? {Lincoln} memorial
37%
Quel bâtiment figure au dos du 50$ américain ? Capitole
32%
A quel pays appartient ce billet ? Fidji
32%
Qui figure sur le 20$ américain ? Andrew Jackson
26%
A quel territoire appartenait ce billet ? Hong-Kong
26%
Qui figure sur le 50$ américain ? Ulysses Grant
26%
A quel pays appartient ce billet ? Bruneï
21%
Qui figure sur le 20$ canadien? Elisabeth II
21%
A quel pays appartient ce billet ? Iles {Salomon}
21%
A quel pays appartient ce billet ? Singapour
21%
A quel pays appartient ce billet ? Bahamas
16%
A quel pays appartiennent ces billets ? Guyana
16%
A quel pays appartient ce billet ? Nouvelle-Zélande
16%
Qui figure sur le 5$ canadien? Wilfrid Laurier
16%
A quel pays appartiennent ces billets ? Belize
11%
Quel bâtiment figure au dos du 1$ américain ? Grand {sceau} des Etats-Unis
11%
A quel territoire appartient ce billet ? Iles {Caïman}
11%
Quel bâtiment figure au dos du 100$ américain ? {Independence} hall
11%
Qui figure sur le 10$ canadien? John Macdonald
11%
Quel bâtiment figure au dos du 10$ américain ? Siège du {Trésor} américain
11%
A quel pays appartient ce billet ? Trinité-et-Tobago
11%
A quel pays appartient ce billet ? Zimbabwe
11%
Qui figure sur le 10$ américain ? Alexandre Hamilton
5%
Qui figure sur le 1$ australien ? Elisabeth II
5%
A quel pays appartient ce billet ? Liberia
5%
A quel pays appartient ce billet ? Suriname
5%
A quel pays appartient ce billet ? Barbades
0%
A quel groupe internationale appartient ce billet ? {Caraïnes} orientales
0%
Qui figure sur le 20$ australien ? Charles Kingsford Smith
0%
Qui figure sur le 100$ australien ? Douglas Mawson
0%
Qui figure sur le 10$ australien ? Francis Greenway
0%
Qui figure sur le 50$ australien ? Howard Florey
0%
A quel pays appartient ce billet ? Jamaïque
0%
Qui figure sur le 2$ australien ? John Macarthur
0%
Qui figure sur le 5$ australien ? Joseph Banks
0%
A quel pays appartient ce billet ? Namibie
0%
Qui figure sur le 100$ canadien? Robert Borden
0%
Qui figure sur le 50$ canadien? William Mackenzie King
0%
Aucun quiz correspondant
Distribution des résultats
% des personnes avec chaque résultat
Percentile par nombre de réponses
Votre historique - résultats
Vous n’avez pas pris ce quiz